qwe (Record no. 1915)

MARC details
000 -LEADER
fixed length control field 00235nam a22001217a 4500
001 - CONTROL NUMBER
control field 1915
003 - CONTROL NUMBER IDENTIFIER
control field OSt
005 - DATE AND TIME OF LATEST TRANSACTION
control field 20260407140345.0
008 - FIXED-LENGTH DATA ELEMENTS--GENERAL INFORMATION
fixed length control field 260407b |||||||| |||| 00| 0 eng d
040 ## - CATALOGING SOURCE
Transcribing agency pqr
245 ## - TITLE STATEMENT
Title qwe
942 ## - ADDED ENTRY ELEMENTS (KOHA)
Source of classification or shelving scheme Dewey Decimal Classification
Koha item type Books
Suppress in OPAC No
Holdings
Withdrawn status Lost status Source of classification or shelving scheme Damaged status Not for loan Home library Current library Date acquired Total checkouts Date last seen Price effective from Koha item type
    Dewey Decimal Classification     Centerville Centerville 07/04/2026   07/04/2026 07/04/2026 Books